Domus II (Record no. 11070)
[ view plain ]
| 000 -CABECERA | |
|---|---|
| campo de control de longitud fija | 01685nam a22003737a 4500 |
| 001 - NÚMERO DE CONTROL | |
| campo de control | BRCA_9358 |
| 003 - IDENTIFICADOR DEL NÚMERO DE CONTROL | |
| campo de control | FranzMayer |
| 005 - FECHA Y HORA DE LA ÚLTIMA TRANSACCIÓN | |
| campo de control | 20231011103430.0 |
| 008 - DATOS DE LONGITUD FIJA--INFORMACIÓN GENERAL | |
| campo de control de longitud fija | 231009b |||||||| |||| 00| 0 eng d |
| 020 ## - NÚMERO INTERNACIONAL ESTÁNDAR DEL LIBRO | |
| Número Internacional Estándar del Libro | 9783822830277 |
| 040 ## - FUENTE DE LA CATALOGACIÓN | |
| Centro catalogador/agencia de origen | MFM |
| Lengua de catalogación | esp |
| Centro/agencia transcriptor | MFM |
| 050 0# - SIGNATURA TOPOGRÁFICA DE LA BIBLIOTECA DEL CONGRESO | |
| Número de clasificación | NC974.3.A7 |
| Número de documento/Ítem | T37 2006 |
| 110 ## - ENTRADA PRINCIPAL--NOMBRE DE ENTIDAD CORPORATIVA | |
| Código de función/relación | Responasable |
| Nombre de entidad corporativa o nombre de jurisdicción como elemento de entrada | Taschen |
| 9 (RLIN) | 29859 |
| 240 ## - TÍTULO UNIFORME | |
| Título uniforme | Domus II |
| Medio | 1940-1949 |
| Lenguaje de la obra | Italiano |
| 245 0# - MENCIÓN DE TÍTULO | |
| Título | Domus II |
| Resto del título | 1940-1949 |
| 260 ## - PUBLICACIÓN, DISTRIBUCIÓN, ETC. | |
| Lugar de publicación, distribución, etc. | Italia |
| Nombre del editor, distribuidor, etc. | Taschen |
| Fecha de publicación, distribución, etc. | 2006 |
| 300 ## - DESCRIPCIÓN FÍSICA | |
| Extensión | 580 p |
| Otras características físicas | Ilustraciones a color |
| Dimensiones | 32.5 cm |
| 440 ## - MENCIÓN DE SERIE/PUNTO DE ACCESO ADICIONAL--TÍTULO | |
| Título | Domus |
| Número de parte o sección de la obra | Tomo II |
| Nombre de parte o sección de la obra | 1940-1949 |
| Designación de volumen o secuencia | Vol 2 |
| 9 (RLIN) | 29860 |
| 500 ## - NOTA GENERAL | |
| Nota general | Contiene los siguientes volúmenes:Domus I. 1928-1939Domus II. 1940-1949Domus III. 1950-1954Domus IV. 1955-1959Domus V. 1960-1964Domus VI. 1965-1969Domus VII. 1970-1974Domus VIII. 1975-1979Domus IX. 1980-1984Domus X. 1985-1989Domus XI. 1990-1994Domus XII. 1995-1999 |
| 505 ## - NOTA DE CONTENIDO CON FORMATO | |
| Nota de contenido con formato | Texto en: italianoIncluye índice temáticoIncluye traducciones de textoDirigido a: artistas, historiadores de arte y personas con interés en el diseño. |
| 650 1# - PUNTO DE ACCESO ADICIONAL DE MATERIA--TÉRMINO DE MATERIA | |
| Fuente del encabezamiento o término | Arte |
| Término de materia o nombre geográfico como elemento de entrada | Publicaciones artísticas |
| Subdivisión de forma | Publicaciones de arte |
| 9 (RLIN) | 29861 |
| 651 2# - PUNTO DE ACCESO ADICIONAL DE MATERIA--NOMBRE GEOGRÁFICO | |
| Fuente del encabezamiento o término | Diseño |
| Nombre geográfico | Libros de arte |
| Subdivisión de forma | Publicaciones continuas |
| 9 (RLIN) | 29862 |
| 700 1# - PUNTO DE ACCESO ADICIONAL--NOMBRE DE PERSONA | |
| Código de función/relación | Int |
| Nombre de persona | Spinelli, Luigi |
| 9 (RLIN) | 29863 |
| 700 1# - PUNTO DE ACCESO ADICIONAL--NOMBRE DE PERSONA | |
| Código de función/relación | Escritos |
| Nombre de persona | Giorgi de, Manolo |
| 9 (RLIN) | 29864 |
| 700 1# - PUNTO DE ACCESO ADICIONAL--NOMBRE DE PERSONA | |
| Código de función/relación | Edit |
| Nombre de persona | Berg, Thomas |
| 9 (RLIN) | 29865 |
| 700 1# - PUNTO DE ACCESO ADICIONAL--NOMBRE DE PERSONA | |
| Código de función/relación | Edit. |
| Nombre de persona | Hausmann, Viktoria |
| 9 (RLIN) | 29866 |
| 700 1# - PUNTO DE ACCESO ADICIONAL--NOMBRE DE PERSONA | |
| Código de función/relación | Edit |
| Nombre de persona | Figini, Carmen |
| 9 (RLIN) | 29867 |
| 700 1# - PUNTO DE ACCESO ADICIONAL--NOMBRE DE PERSONA | |
| Código de función/relación | Col |
| Nombre de persona | Havertz, Yvonne |
| 9 (RLIN) | 29868 |
| 700 1# - PUNTO DE ACCESO ADICIONAL--NOMBRE DE PERSONA | |
| Código de función/relación | Col. |
| Nombre de persona | Blankenhagen, Patricia |
| 9 (RLIN) | 29869 |
| 700 1# - PUNTO DE ACCESO ADICIONAL--NOMBRE DE PERSONA | |
| Código de función/relación | Prod. |
| Nombre de persona | Goerhardt, Frank |
| 9 (RLIN) | 29870 |
| 700 1# - PUNTO DE ACCESO ADICIONAL--NOMBRE DE PERSONA | |
| Código de función/relación | Prod. |
| Nombre de persona | Wachendorf, Ute |
| 9 (RLIN) | 29871 |
| 700 1# - PUNTO DE ACCESO ADICIONAL--NOMBRE DE PERSONA | |
| Código de función/relación | Trad. |
| Nombre de persona | Baker Dick, Bradley |
| 9 (RLIN) | 29872 |
| 942 ## - ELEMENTOS DE PUNTO DE ACCESO ADICIONAL (KOHA) | |
| Fuente del sistema de clasificación o colocación | Library of Congress Classification |
| Tipo de ítem Koha | Libros |
| Estado de retiro | Estado de pérdida | Fuente del sistema de clasificación o colocación | Estado dañado | No para préstamo | Código de colección | Localización permanente | Ubicación/localización actual | Fecha de adquisición | Total de préstamos | Signatura topográfica completa | Código de barras | Fecha visto por última vez | Precio válido a partir de | Tipo de ítem Koha |
|---|---|---|---|---|---|---|---|---|---|---|---|---|---|---|
| El ejemplar forma parte de la colección y puede ser consultado según las políticas vigentes. | Library of Congress Classification | Fondo Contemporáneo | Biblioteca del Museo Franz Mayer (Rogerio Casas-Alatriste) | Biblioteca del Museo Franz Mayer (Rogerio Casas-Alatriste) | 09/10/2023 | NC974.3.A7 T37 2006 | CONT10226 | 09/10/2023 | 09/10/2023 | Libros |